000 00481nam a2200193Ia 4500
003 OSt
005 20251004104113.0
008 210210b2004 xxu||||| |||| 00| 0 eng d
040 _cAL
041 _aEnglish
082 _a336 KALP
100 _aKALLURAYA P (Shripathi) and others.
_9148660
245 _aPublic economics.
260 _aMangalore
_bMangala publications
_c2004
300 _avi,170
690 _aPublic Economics
_9148661
906 _a060850
942 _2ddc
_cBK
999 _c107622
_d107622